[Marketingový výskum v digitálnej ére]

Recenzia na vedeckú monografiu Marketingový výskum v digitálnej ére. Publikácia prináša komplexný pohľad na úlohu marketingového výskumu v digitálnej ekonomike, a súčasne zobrazuje posun v metódach a technikách, ktoré sú aktuálne používané na získavanie presných a včasných informácií, ich analýzu a...

Full description

Saved in:
Bibliographic Details
Main Author: Kopaničová, Janka, 1979-
Format: Book Chapter
Language:Slovak
Subjects:
Tags: Add Tag
No Tags, Be the first to tag this record!

MARC

LEADER 00000naa a2200000 4500
001 0203866
005 20240502073414.7
041 0 |a slo 
044 |a SK 
245 1 0 |a [Marketingový výskum v digitálnej ére]  |c Janka Kopaničová 
520 |a Recenzia na vedeckú monografiu Marketingový výskum v digitálnej ére. Publikácia prináša komplexný pohľad na úlohu marketingového výskumu v digitálnej ekonomike, a súčasne zobrazuje posun v metódach a technikách, ktoré sú aktuálne používané na získavanie presných a včasných informácií, ich analýzu a interpretáciu. 
610 2 0 |a recenzie 
610 2 0 |a digitalizácia 
610 2 0 |a technológie informačné 
610 2 0 |a technológie komunikačné 
610 2 0 |a stratégia marketingová 
610 2 0 |a marketing 
100 1 |a Kopaničová, Janka, 1979-